| 000 | 01926nam a2200397K 4500 | ||
|---|---|---|---|
| 001 | ocn664193594 | ||
| 003 | OCoLC | ||
| 005 | 20210303085431.0 | ||
| 006 | m d | ||
| 007 | cr un||||||||| | ||
| 008 | 100915s2000 xxua o 001 0 eng d | ||
| 020 |
_a9781849500548 (electronic bk.) : _c£64.95 ; € 94.95 ; $114.95 |
||
| 020 |
_a1849500541 (electronic bk.) : _c£64.95 ; € 94.95 ; $114.95 |
||
| 020 | _z0762306653 (hbk.) | ||
| 020 | _z9780762306657 (hbk.) | ||
| 040 |
_aZJC _beng _cZJC |
||
| 050 | 1 | 4 |
_aHN1 _b.R47 v. 22 |
| 072 | 7 |
_aJFF _2bicssc |
|
| 072 | 7 |
_aSOC026000 _2bisacsh |
|
| 080 | _a316.4 | ||
| 082 | 0 | 4 |
_a303.6 _222 |
| 245 | 0 | 0 |
_aResearch in social movements, conflicts and change. _nVol. 22 _h[electronic resource] / _cedited by Patrick G. Coy. |
| 260 |
_aStamford, Conn. : _bJAI, _cc2000. |
||
| 300 |
_a1 online resource (ix, 268 p.) : _bill. |
||
| 520 | _aThe contents of this volume reflect the multiple foci that have historically defined the series. We present here two papers on methodological issues facing the study of social movements, four papers on specific social movements or social movement organizations (including two on environmental movements), two papers on aspects of social change and inequality, and one study critically analyzing the conflict resolution prospects in a situation of protracted violence. | ||
| 588 | _aDescription based on print version record. | ||
| 650 | 0 | _aSocial movements. | |
| 650 | 0 | _aSocial conflict. | |
| 650 | 0 | _aSocial change. | |
| 650 | 7 |
_aSocial issues & processes. _2bicssc |
|
| 650 | 7 |
_aSocial Science _xSociology _xGeneral. _2bisacsh |
|
| 700 | 1 | _aCoy, Patrick G. | |
| 776 | 0 | 8 |
_iPrint version: _tResearch in social movements, conflicts and change. Vol. 22. _dStamford, Conn. : JAI, c2000 _z0762306653 _w(OCoLC)59578973 |
| 856 | 4 | 0 | _uhttps://www.emerald.com/insight/publication/doi/10.1016/S0163-786X(2000)22 |
| 913 | _1SSbacklist | ||
| 999 |
_c32176 _d32176 |
||